[Event "Corus-B"]
[Site "Wijk aan Zee"]
[Date "2004.01.22"]
[Round "10"]
[White "Tiviakov, Sergei"]
[Black "Nakamura, Hikaru"]
[Result "0-1"]
[WhiteElo "2600"]
[BlackElo "2571"]
[Annotator "Atlas,V"]
[PlyCount "138"]
[EventDate "2004.01.10"]
[EventType "tourn"]
[EventRounds "13"]
[EventCountry "NED"]
[EventCategory "13"]
[SourceTitle "CBM 099"]
[Source "ChessBase"]
[SourceDate "2004.03.30"]
[SourceVersion "1"]
[SourceVersionDate "2004.03.30"]
[SourceQuality "1"]

1. e4 c5 2. Nc3 Nc6 3. Bb5 Qc7 4. Nf3 Nf6 5. O-O Nd4 6. Re1 a6 7. Bf1 Ng4 8. g3
Nxf3+ 9. Qxf3 Ne5 10. Qe2 e6 11. Bg2 d6 12. b3 Be7 13. Bb2 Nc6 14. Nd1 Nd4 15.
Qd3 Bf6 16. c3 Nc6 17. Ne3 O-O 18. Ng4 Be7 19. Qe2 Bd7 20. Red1 a5 21. d4 a4
22. Rab1 axb3 23. axb3 Ra2 24. Ne3 cxd4 25. cxd4 Bf6 26. e5 dxe5 27. dxe5 Be7
28. Nc4 Nb4 29. Nd6 Bc6 30. Qc4 Nd5 31. Bd4 Bxd6 32. exd6 Qd7 33. Bc5 Rc8 34.
Qd4 Nf6 35. Bxc6 Rxc6 36. Ra1 Rxa1 37. Rxa1 Rc8 38. Ra7 Qc6 39. Ba3 h5 40. Qb4
b5 41. Qd4 Rd8 42. Rc7 Qf3 43. d7 e5 $1 44. Qxe5 ({If} 44. Qd6 {, then} Ne4 {
, with initiative.}) 44... Qd1+ 45. Kg2 Rxd7 46. Rc5 h4 47. Qf5 Rd8 48. Bb2 Ng4
49. Rc8 Rxc8 50. Qxc8+ Kh7 51. Qf5+ Kg8 52. h3 Qxb3 53. Bxg7 $4 ({A big
mistake severely punished by Black. After} 53. Bd4 {the chances are about
equal.}) {[%tqu "En","How can Black punish White's last 'smart' move?","Watch
out for geometrical motifs!","Sacrifice your queen!","b3g3","This terrific
blow yields Black a decisive advantage.",3]} 53... Qxg3+ $1 {[%csl Rf5,Rg2,Gg3,
Gg4,Rg7] A convincing refutation of White's careless play.} 54. fxg3 Ne3+ 55.
Kf3 Nxf5 56. Bc3 hxg3 {The ending is easily winning for Black.} 57. Bb4 Kg7 58.
Bc5 Kg6 59. Kg4 g2 60. Kf3 b4 61. Kxg2 b3 62. Ba3 Ne3+ 63. Kf3 Nc4 64. Bc1 Kf5
65. h4 b2 66. Bxb2 Nxb2 67. h5 Kg5 68. Ke4 Kxh5 69. Kf5 Nc4 0-1

[Event "Bundesliga 0304"]
[Site "Germany"]
[Date "2003.12.13"]
[Round "5.8"]
[White "Teske, Henrik"]
[Black "Souleidis, Georgios"]
[Result "1-0"]
[WhiteElo "2518"]
[BlackElo "2401"]
[Annotator "Atlas,V"]
[PlyCount "77"]
[EventDate "2003.11.01"]
[EventType "team-tourn"]
[EventRounds "15"]
[EventCountry "GER"]
[SourceTitle "CBM 099"]
[Source "ChessBase"]
[SourceDate "2004.03.30"]
[SourceVersion "1"]
[SourceVersionDate "2004.03.30"]
[SourceQuality "1"]
[WhiteTeam "Tegernsee"]
[BlackTeam "Katernberg"]
[WhiteTeamCountry "GER"]
[BlackTeamCountry "GER"]

1. e4 c5 2. Nf3 Nc6 3. Nc3 Nf6 4. Bb5 Qc7 5. O-O Nd4 6. Nxd4 cxd4 7. Nd5 Nxd5
8. exd5 a6 9. Ba4 g6 10. d3 Bg7 11. Bg5 b5 12. Bb3 e6 13. c4 dxc3 14. bxc3 O-O
15. Rc1 Bb7 16. c4 Qe5 17. Qd2 Rfc8 18. Rfe1 Qf5 19. h3 Bd4 20. Be3 Bxe3 21.
fxe3 Qg5 22. dxe6 dxe6 23. Qf2 bxc4 24. Bxc4 Rc7 25. e4 Rd8 26. Rb1 Qe5 27. Re3
Qd4 28. Rf1 a5 29. Kh1 Bc6 30. Qh4 Re8 31. Ref3 Qe5 32. Rf6 Rd7 33. Qf2 Ree7
34. Qb6 Rc7 $2 ({This imprudent move is elegantly refuted by White. After} 
34... Qc7 {Black has good counterplay.}) {[%tqu "En","How can White take
adavantage of Black's last imprudent move?","Use the weakness of Black's back
rank.","Sacrifice your bishop!","c4e6","This bishop sacrifice yields White a
decisive advantage.",6]} 35. Bxe6 $1 {[%csl Rf8,Rg8][%cal Gf1f8,Gb6b8] This
unexpected bishop thrust spells a quick end for Black.} Rxe6 (35... fxe6 {
loses after} 36. Qb8+ Re8 37. Rf8+) 36. Rxe6 Qxe6 (36... fxe6 {fails to} 37.
Qb8+ Kg7 38. Qf8#) 37. Qxc7 a4 38. Qd8+ Kg7 39. Qd4+ 1-0

[Event "Abu Dhabi op 13th"]
[Site "Abu Dhabi"]
[Date "2003.08.22"]
[Round "6"]
[White "Velikhanli, Firuza"]
[Black "Tissir, Mohamed"]
[Result "0-1"]
[WhiteElo "2339"]
[BlackElo "2346"]
[Annotator "Atlas,V"]
[PlyCount "74"]
[EventDate "2003.08.16"]
[EventType "swiss"]
[EventRounds "9"]
[EventCountry "UAE"]
[SourceTitle "CBM 097"]
[Source "ChessBase"]
[SourceDate "2003.11.11"]
[SourceVersion "1"]
[SourceVersionDate "2003.11.11"]
[SourceQuality "1"]

1. e4 c5 2. Nf3 e6 3. Nc3 Nc6 4. Bb5 Nd4 5. Nxd4 cxd4 6. Nb1 Qg5 7. Bf1 Nf6 8.
d3 Qa5+ 9. Nd2 d5 10. e5 Nd7 11. f4 g5 12. fxg5 Nxe5 13. Be2 h6 14. gxh6 Bxh6
15. O-O Be3+ 16. Kh1 Qc7 17. g3 Bd7 18. Nb3 O-O-O 19. Bxe3 dxe3 20. d4 Nc4 21.
Qe1 Rdg8 {Black has good winning chances due to the excellent placement of his
pieces and the exposed position of White's king. Schwarz hat gute
Gewinnchancen auf Grund seiner ausgezeichneten Figurenstellung sowie der
exponierten Lage des weißen Königs.} 22. Rf3 Bc6 23. Nc5 e5 24. c3 Nxb2 25.
Rxe3 Nc4 26. Rf3 Rg7 27. Qf2 Nd2 28. Rf6 exd4 29. cxd4 Ne4 30. Nxe4 dxe4 31.
Rc1 $2 ({A decisive mistake. More stubborn was Ein entscheidender Fehler.
Zäher war} 31. Kg1) 31... e3+ 32. Rfxc6 bxc6 33. Ba6+ Kd7 34. Qf5+ Ke8 35. Rc2
Kf8 36. Qc5+ Kg8 37. Qxc6 {[%tqu "En","How can Black finish the game
victoriously?","Target the enemy king and exploit the shaky position of the
white queen.","Use your h8-rook to destroy White's defensive bastion on the
kingside.","h8h2","After this powerful blow mate is inevitable.",4,"De","Wie
kann Schwarz die Partie siegreich beenden?","Nehmen Sie den feindlichen König
aufs Korn und nutzen Sie die unsichere Stellung der weißen Dame aus.","Setzen
Sie Ihren Turm h8 ein, um die weiße Defensivbastion am Königsflügel zu
zerschlagen.","h8h2","Nach diesem Kraftzug ist Matt unvermeilich.",4]} Rxh2+ $1
{[%csl Rc2,Rc6,Gc7,Rg3,Gg7,Rh1,Gh2][%cal Gc7g3,Gg7g3] This brilliant rook
thrust breaks White's fragile defense and forces mate in several moves. Dieser
glänzende Turmeinschlag durchbricht die fragile weiße Verteidigung und
erzwingt Matt in wenigen Zügen.} (37... Rxh2+ {, and White resigned in view of
inevitable mate: und Weiß gab auf, denn Matt ist unvermeidlich:} 38. Kxh2 (38.
Rxh2 Qxc6+ 39. Rg2 Rxg3) (38. Kg1 Qxg3+) 38... Qxg3+ 39. Kh1 Qg1#) 0-1

[Event "AUT-chT"]
[Site "Austria"]
[Date "1995.??.??"]
[Round "?"]
[White "Atlas, Valeri"]
[Black "Rabiega, Robert"]
[Result "1-0"]
[WhiteElo "2440"]
[BlackElo "2490"]
[Annotator "Atlas,V"]
[PlyCount "87"]
[EventDate "1995.??.??"]
[EventType "team"]
[EventRounds "3"]
[EventCountry "AUT"]
[SourceTitle "CBM 052"]
[Source "ChessBase"]
[SourceDate "1996.06.01"]
[SourceVersion "1"]
[SourceVersionDate "1996.06.01"]
[SourceQuality "1"]

1. e4 c5 2. Nf3 Nc6 3. Nc3 e5 4. Bc4 Be7 (4... d6 5. d3 Be7 6. Nd2 Bg5 7. h4
Bh6 8. Qh5 $1 $146 g6 9. Qd1 Nf6 10. Nf1 Bxc1 11. Qxc1 Be6 12. Ne3 Nd4 13. Ncd5
h5 14. c3 Nc6 15. Qd1 Kf8 16. g3 Kg7 17. Qe2 Rb8 18. a4 Ng4 19. f3 Nxe3 20.
Nxe3 Ne7 21. O-O Re8 22. Bxe6 fxe6 23. f4 exf4 24. Rxf4 Nc6 25. Raf1 Qe7 26. g4
Qxh4 27. gxh5 Qg3+ 28. Ng2 Ne5 29. d4 cxd4 30. cxd4 Qd3 31. Qf2 Nc6 32. Rf7+
Kg8 33. h6 {1-0 Adams,M-Smirin,I/Insel Iscia op 1995}) 5. d3 Nf6 6. Nd2 d6 7.
Nf1 O-O 8. Ne3 Ne8 $6 (8... Be6 9. O-O a6 10. a4 Rb8 11. Bd2 $6 Kh8 12. g3 b5
13. axb5 axb5 14. Bxb5 Nd4 15. Bc4 Rxb2 $15 {Kupreichik,V-Boensch,U/Bad
Woerishofen op (08) ;EXP 47 1995}) 9. Ncd5 Nc7 10. Nxc7 Qxc7 11. Nd5 Qd8 12.
O-O (12. h4 $6 Be6 $132) 12... Bg5 13. Qh5 $1 Bxc1 14. Raxc1 $14 {|^} Ne7 15.
f4 $5 (15. Ne3 $14) 15... Nxd5 16. Bxd5 exf4 17. Rxf4 Be6 18. Rcf1 (18. c4 $14)
18... Qe7 (18... Bxd5 19. Qxd5 $14) 19. c4 $1 {[#]} Rab8 $2 (19... Rae8 20.
R1f3 Bxd5 21. cxd5 Qe5 $14) 20. R1f3 $16 Bxd5 21. cxd5 Qe5 22. Qxe5 $1 (22. Rf5
$2 Qd4+ {/\g6}) 22... dxe5 23. Rf5 f6 24. Kf2 $1 {/\Ke3, Pg4-g5, Rf2-c2, Rf1-c1
} (24. g4 $143 Rbc8 {/\c4<=>}) 24... b5 $2 {><c5} (24... Rbc8 25. Ke3 c4 $140
26. d4 $1) (24... Rfe8 $142 $16) 25. Ke3 $1 {[#]} Rb6 26. Rf2 $1 {/\Rc2, Rf1-c1
} Ra6 27. b3 c4 $1 28. d4 $1 (28. dxc4 $2 bxc4 29. bxc4 Ra3+ 30. Kd2 Rc8 $1
$132) 28... cxb3 29. axb3 exd4+ 30. Kxd4 Rc8 31. e5 $1 $18 {o^d5} fxe5+ 32.
Rxe5 Rg6 33. h3 $1 (33. Re6 Rg4+) 33... a5 34. Re6 Rxe6 35. dxe6 a4 36. b4 $1 (
36. bxa4 $4 bxa4 37. Kd5 Ra8 $10) 36... a3 37. Kd5 Ra8 38. e7 g6 39. Kc6 Kg7
40. Kxb5 Re8 41. Ra2 Rxe7 42. Rxa3 h5 43. Ka6 Re2 44. g3 1-0

[Event "AUT-chT 0001"]
[Site "Austria"]
[Date "2000.11.19"]
[Round "5.6"]
[White "Atlas, Valeri"]
[Black "Nataf, Igor Alexandre"]
[Result "1/2-1/2"]
[WhiteElo "2468"]
[BlackElo "2526"]
[Annotator "Atlas,V"]
[PlyCount "85"]
[EventDate "2000.10.21"]
[EventType "team-tourn"]
[EventRounds "11"]
[EventCountry "AUT"]
[SourceTitle "CBM 080"]
[Source "ChessBase"]
[SourceDate "2001.01.25"]
[SourceVersion "1"]
[SourceVersionDate "2001.01.25"]
[SourceQuality "1"]
[WhiteTeam "Hohenems SK"]
[BlackTeam "Fuerstenfeld SK Gesundheitstreff Spk"]
[WhiteTeamCountry "AUT"]
[BlackTeamCountry "AUT"]

1. e4 c5 2. Nc3 Nc6 3. Nf3 e5 4. Bc4 Be7 5. d3 d6 6. O-O Nf6 7. Ng5 O-O 8. f4
h6 9. Nh3 $5 {An interesting alternative to the standard 9.Nf3. The text move
was first played by V. Zvjaginsev in his recent game against Ikonnikov (Samara
2000).} (9. Nf3 Bg4 (9... exf4 10. Bxf4 Bg4 (10... Be6 11. Qd2 d5 12. exd5 Nxd5
13. Rae1 Bf6 14. Bg3 Nxc3 15. Bxe6 fxe6 16. bxc3 Qa5 17. Qe2 Bxc3 18. Qxe6+ Kh7
19. Qe4+ Kg8 20. Qe6+ Kh7 21. Qe4+ Kg8 {1/2-1/2 Klovsky,R-Lapienis,D/Riga 1975/
MCD (21)}) 11. Qd2 Kh7 12. Rae1 Nd7 13. Nd5 Nde5 14. Nxe5 Nxe5 15. Bxe5 dxe5
16. Ne3 Be6 17. Bxe6 fxe6 18. Rxf8 Bxf8 19. Kh1 Be7 20. Nc4 b5 21. Nxe5 Bg5 22.
Qf2 Bh4 23. g3 Bf6 24. Nf3 Bxb2 25. Rb1 Qf6 26. e5 Qe7 {1-0 Makarichev,S-Wians,
C/Cappelle 1993/TD (26)}) 10. f5 Nd4 11. Kh1 a6 12. a4 b6 13. Nd5 Kh8 14. Nxf6
Bxf6 15. c3 Bxf3 16. gxf3 Nc6 17. f4 Ne7 18. Qh5 Ng8 19. Bxf7 Ra7 20. Be6 exf4
21. Bxf4 Be5 22. Be3 Nf6 23. Qh3 d5 24. d4 {1-0 Drozdov,I-Waller,H/Bled 1994/
TD (33)}) 9... exf4 (9... Bg4 {deserves attention here.}) 10. Bxf4 (10. Nxf4
Ne5 {does not promise White any advantage.}) 10... Ne5 (10... Bxh3 11. gxh3 Ne5
12. Bxe5 dxe5 13. Nd5 Nxd5 14. Bxd5 {would lead to an interesting strategic
battle with mutual chances.}) ({Ikonnikov opted here for} 10... Be6 {, and
after} 11. Bxe6 fxe6 12. Bg3 e5 13. Nf2 Qd7 14. Nd5 Nxd5 15. exd5 Nd4 16. c3
Nf5 17. Qe2 Rf7 18. Ne4 {the game was drawn, Zvjaginsev,V-Ikonnikov,V/Samara
2000/KasparovChess collection (18)}) 11. Bxe5 dxe5 12. Nd5 Be6 ({Again,} 12...
Bxh3 {was worth considering. The text move discloses Black's interesting
strategic idea. After the bishop exchange, the double e-pawns will control
important central squares preventing feasible knight invasion, whilst Black
can exercise his chances on the queenside, playing against a potentially weak
pawn chain c2-d3-e4.}) 13. Nxf6+ Bxf6 14. Bxe6 Qd4+ 15. Kh1 $6 (15. Nf2 $1 {
was to be preferred. After} fxe6 16. c3 Qd6 17. Qe2 {White retains a minimal
advantage. The text move allow Black to develop a dangerous initiative.}) 15...
fxe6 {[%csl Yc2,Yd3,Rd5,Ye4,Rf4,Rf5][%cal Ge6f5,Ge6d5,Ge5f4,Gc5c4,Gc4d3,Ga8d8,
Gc8c2,Gd8d3]} 16. c3 Qd6 17. Qe2 Rad8 18. Rf3 Be7 $1 {Rook exchange is clearly
favourable for Black.} 19. Rxf8+ Bxf8 20. Nf2 c4 $1 {[%csl Rd2,Rd3][%cal Gd8d2]
This efficient pawn thrust equalizes the game.} 21. Rd1 (21. dxc4 $2 Qd2 22.
Re1 Bc5 {would be fatal for White.}) 21... Qb6 $1 {[%csl Rd1,Rd3,Rf2,Rh1][%cal
Gf8c5,Gb6f2,Gd8d1,Gc4d3] Another excellent move putting White under pressure.}
22. h3 (22. dxc4 $4 {loses on the spot in view of} Qxf2) 22... Bc5 23. dxc4 (
23. d4 exd4 24. Qxc4 {is elegantly refuted by} dxc3 $1 25. Rxd8+ Qxd8 26. Qxc5
cxb2 27. Qc2 (27. Qb5 Qb6) 27... Qb6 {winning.}) 23... Bxf2 24. Rxd8+ Qxd8 25.
Qxf2 Qd1+ 26. Kh2 Qb1 {[%csl Ra2,Rc4,Re4][%cal Gb1e4,Gb1a2,Ga2c4,Ge4c4]} ({
The only move. Much weaker was} 26... Qd3 27. Qf3 Qxc4 28. b3 {followed by 29.
c4, and White has large advantage.}) 27. Qe2 (27. Qxa7 {does not yield White
anything in view of} Qxe4 ({Certainly, not} 27... Qxb2 $2 28. Qb8+ Kh7 29. Qxe5
)) (27. b4 {fails to} Qxe4 28. c5 Qf4+) 27... Qxa2 28. c5 Qb3 29. Kg3 Kh7 30.
Kf3 a5 31. Kf2 (31. g3 a4 32. h4 {was a better choice for White.}) 31... a4 32.
Kf3 Qa2 33. Qb5 $6 {Unefficient queen thrust. Instead of the text., 33.g3
followed by 34.h4, was to be preferred.} Qb1 $1 {[%csl Re4,Rf3,Rf4]} 34. Qe2 $1
({The only move. Careless} 34. Qxa4 $2 {could cause serious troubles for Whtie:
} Qf1+ 35. Ke3 ({Unfortunately,} 35. Kg3 {fails to} Qf4#) 35... Qxg2 36. Kd3
Qxh3+ 37. Kc4 Qf1+ 38. Kb4 h5 $17 {, and Black has excellent winning chances.})
(34. Qxb7 $4 {loses on the spot in view of} a3 35. c6 a2 36. c7 a1=Q 37. c8=Q
Qf1+ {, with mate in 2 moves. Queen's retreat to e2 allows White to keep the
balance.}) 34... Qg1 35. Qf2 Qc1 {[%csl Rf4][%cal Gc1f4] Threatening 36...Qf4+.
} 36. g3 $1 {After this move Black's threats are not dangerous anymore.} Qh1+
37. Qg2 Qd1+ 38. Qe2 Qc1 39. h4 Qh1+ 40. Qg2 Qd1+ 41. Qe2 Qh1+ 42. Qg2 Qd1+ 43.
Qe2 1/2-1/2

[Event "YUG-ch 55th"]
[Site "Subotica"]
[Date "2000.03.23"]
[Round "7"]
[White "Markovic, Miroslav"]
[Black "Perunovic, Milos"]
[Result "0-1"]
[WhiteElo "2586"]
[BlackElo "2384"]
[Annotator "Avrukh,B"]
[PlyCount "77"]
[EventDate "2000.03.16"]
[EventType "tourn"]
[EventRounds "15"]
[EventCountry "YUG"]
[EventCategory "10"]
[SourceTitle "CBM 076"]
[Source "ChessBase"]
[SourceDate "2000.05.31"]
[SourceVersion "1"]
[SourceVersionDate "2000.05.31"]
[SourceQuality "1"]

1. e4 {Finkel,A} c5 2. Nf3 Nc6 3. Bb5 e6 4. Bxc6 bxc6 5. d3 Ne7 6. h4 $5 h5 (
6... f6 $5 7. e5 $6 fxe5 8. Nxe5 d6 9. Nc4 Nf5 10. Bg5 Be7 11. Bxe7 Qxe7 12.
Qh5+ g6 13. Qg5 Rb8 14. Nc3 d5 $15 {Oratovsky,M-Miladinovic,I/WchJM-U20 1994/
0-1 (59)}) (6... d6 7. e5 Ng6 8. exd6 Bxd6 9. Nc3 f5 10. g3 O-O 11. h5 Ne5 $13
{0-1 Diozu,M-Dekusar,M/TIT-W2 1993 (31)}) 7. Qe2 (7. Nc3 Ng6 8. Ne2 e5 9. Bg5
f6 10. Be3 d5 11. c4 Bd6 12. cxd5 cxd5 13. exd5 Ne7 $13 {1/2-1/2 Vasiukov,
E-Zvjaginsev,V/RUS-ch 1995 (24)}) 7... f6 $5 8. e5 {This variation leads to
very complicated struggle with mutual chanses.} (8. Be3 d6 9. c4 (9. d4 cxd4
10. Nxd4 e5 11. Nf3 d5 $17) 9... e5 10. Nc3 g6 $13) 8... fxe5 (8... Ng6 9. Qe4
Kf7 10. Rh3 Nxe5 11. Nxe5+ fxe5 12. Qxe5 d6 $132) 9. Qxe5 Nf5 $5 10. Bg5 Be7
11. Nc3 (11. Bxe7 Qxe7 12. Qc7 O-O 13. Nbd2 Qd8 $132) 11... d6 12. Qe2 Rb8 13.
b3 e5 $132 {Both sides have defected pawn structure and the question is who
will manage to take advantage of it.} 14. Ne4 O-O 15. c3 {[%csl Gd4]} a5 $5 16.
Rd1 (16. Nfd2 {[%csl Rh5]} d5 (16... g6 $5) 17. Nxc5 Qd6 18. Bxe7 Qxe7 19. Na4
Nxh4 20. Qxh5 Nxg2+ 21. Kf1 Nf4 $15) 16... a4 $6 {Too optimistic.} 17. bxa4 g6
18. O-O (18. d4 $6 exd4 19. cxd4 Qa5+ $1 20. Qd2 Qxd2+ 21. Nfxd2 Bxg5 22. hxg5
cxd4 $17) 18... Ra8 19. Qc2 Be6 20. d4 $5 (20. Rb1) 20... exd4 21. cxd4 c4 22.
Nc3 {Ater inaccuracy of black white has slightly better chanses.} (22. Rfe1 Bd5
23. Bxe7 Qxe7 24. Nc3 Qd7 25. Nxd5 cxd5 26. Re2 Qxa4 27. Qc1 $36 {[%cal Gd1e1,
Gc1g5,Ge2e6]}) 22... Bd5 23. Nxd5 cxd5 24. Rfe1 $6 (24. Bxe7 $5) 24... Bxg5 25.
Nxg5 (25. hxg5 Qd7 26. Rb1 Rxa4 27. Rb7 $1 Qxb7 (27... Rxa2 28. Rxd7 Rxc2 29.
Re6 $132) 28. Qxa4 Qf7 29. Qc2 Ra8 $11 {[%csl Rf3]}) 25... Nxh4 26. Ne6 Qd7 27.
Re2 $6 ({Btter was} 27. Nxf8 Qg4 28. g3 (28. f4 Rxf8 (28... Nf3+ 29. Kf1 (29.
Kf2 Nxe1 30. Qxg6+ Qxg6 31. Nxg6 Nd3+ 32. Kf3 Kf7 33. Nh4 Rxa4 $15) 29... Nxe1
30. Qxg6+ Qxg6 31. Nxg6 Nd3 32. Ne7+ Kf7 33. Nxd5 Rxa4 $11) 29. Qe2 Rxf4 30.
Qxg4 Rxg4 31. Re2 Nf5 32. a5 Rg3 $13) 28... Nf3+ (28... Rxf8 $5) 29. Kg2 Nxe1+
30. Rxe1 Rxf8 31. Re3 h4 $15) 27... Rf6 28. Rde1 Re8 29. Ng5 Ref8 $1 $36 {
[%cal Gd7g4]} 30. f3 Nf5 31. Qc3 Qxa4 32. Ne6 (32. Rb1 Qa7 $1) 32... R8f7 33.
Nf4 Qc6 34. Re8+ Rf8 35. Rxf8+ Kxf8 36. Qa5 (36. Rb1 $5 Ng3 (36... Kg7 $5 $15)
37. Qe3 $5 h4 $5 38. Rb8+ Kf7 39. Nxd5 Nf5 40. Qe4 $13) 36... Nxd4 37. Nxd5 $6
(37. Qd8+ Kg7 38. Re7+ Rf7 39. Nxg6 Rxe7 40. Nxe7 Qc5 41. Kf1 $15) 37... Re6
$17 38. Rxe6 Nxe6 39. Qd8+ $4 {[%cal Ge6d8]} 0-1